000
00318nam a2200133Ia 4500
008
191201s1981 xx 000 0 und d
082
_a
621
_b
DEP
100
_a
DESA,Arnold
245
0
_a
Principles of Electronic Instrumentation
260
_b
Adward arnold
_c
1981
300
_a
280
650
_a
Applied
942
_2
ddc
_c
BK
999
_c
636
_d
636